| 000 | 01019cam a2200301 a 4500 | ||
|---|---|---|---|
| 999 |
_c3804 _d3804 |
||
| 001 | 144016 | ||
| 003 | KHC-NET | ||
| 005 | 20241030095605.0 | ||
| 008 | 090623r20082008xxka 000 1 eng d | ||
| 020 | _a9780194792356 (pbk.) : | ||
| 040 |
_ankhc _beng _cnkhc _dKH8 |
||
| 041 | 0 | _aeng | |
| 042 | _anbic | ||
| 082 | 0 | _a428.6 WES | |
| 100 | 1 |
_aWest, Clare, _eauthor. |
|
| 245 | 1 | 0 |
_aLand of my childhood : _bstories from South Asia / _cretold by Clare West ; illustrated by Arya Praharaj. |
| 250 | _aSimplified ed. | ||
| 260 |
_aOxford : _bOxford University Press, _cc2008. |
||
| 300 |
_a[viii], 87 p. : _bill. ; _c20 cm. |
||
| 490 | 0 | _aOxford bookworms library. Stage 4, World stories. | |
| 500 | _aFirst published in Oxford Bookworms 2008. | ||
| 650 | 0 |
_aSouth Asian fiction _y20th century. |
|
| 650 | 0 | _aShort stories, South Asian. | |
| 650 | 0 | _aReaders (Adult) | |
| 650 | 0 |
_aEnglish language _vTextbooks for foreign speakers. |
|
| 650 | 0 |
_aReading comprehension _vProblems, exercises, etc. |
|
| 942 |
_2ddc _cTR |
||